Statistics for Biggest 'M' Cities by Country

Click here to take the quiz!

General Stats

  • This quiz has been taken 203 times
    (119 since last reset)
  • The average score is 16 of 20

Answer Stats

PopulationCountryCity% Correct
520,215UKManchester
99%
1,343,163ItalyMilan
99%
1,921,807BelarusMinsk
98%
12,442,373IndiaMumbai
97%
852,516FranceMarseille
96%
692,000SpainMadrid
95%
1,675,368Saudi ArabiaMecca
95%
2,441,123ColombiaMedellín
90%
1,780,148PhilippinesManila
88%
153,379MaldivesMalé
87%
318,107SwedenMalmö
86%
157,474BahrainManama
83%
2,020,301BrazilManaus
76%
1,300,000KenyaMombasa
74%
1,225,133BurmaMandalay
62%
664,221IraqMosul
59%
2,097,610IndonesiaMedan
54%
115,041ArgentinaMendoza
52%
110,115JamaicaMontego Bay
38%
955,362VenezuelaMaracay
26%

Score Distribution

Percentile by Number Answered

Percent of People with Each Score

Your Score History

You have not taken this quiz since the last reset